Stumble Guys Map Names With Common Words - Statistics

General Stats
  • This quiz has been taken 16 times
    10 since last reset
  • The average score is 14 of 30
Answer Stats
Common Word Maps % Correct
Dash Laser Dash
86%
Laser Laser Dash
86%
Dash Block Dash
71%
Stumble Humble Stumble
71%
Rush Lava Rush
71%
Lava Lava Rush
71%
Base Blaster Base
57%
Dash Block Dash Legendary
57%
Temple Lost Temple
57%
Rush Rush Hour
57%
Space Space Drop
57%
Space Space Race
57%
Lava Super Lava Slide
57%
Super Super Lava Slide
57%
Super Super Slide
57%
Dash Block Dash Endless
43%
Laser Laser Tracer
43%
Lava Lava Land
43%
Rocket Rocket Rumble
43%
Stumble Stumble Cove
43%
Super Super Paint Slide
43%
Super Super Pivot Slide
43%
Temple Turbo Temple
43%
Base Blaster Base Zero
29%
Rocket SkyRocket Royale
29%
Stumble Stumble Trouble
29%
Base Elimination Base
14%
Stumble Scaffold Stumble
14%
Stumble Stumble Soccer
14%
Dash Barbie Dream Dash
0%
No matching quizzes found
Score Distribution
Percent of People with Each Score
Percentile by Number Answered
Your Score History
You have not taken this quiz since the last reset